[Event "Titled Tue 3rd Jan Late"]
[Site "chess.com INT"]
[Date "2025.06.03"]
[Round "3"]
[White "Jaskolka, Tomasz"]
[Black "Vasquez Schroeder, Rodrigo"]
[Result "0-1"]
[WhiteTitle "CM"]
[BlackTitle "GM"]
[WhiteElo "2200"]
[BlackElo "2446"]
[WhiteFideId "1170791"]
[BlackFideId "3400042"]
[EventDate "2025.06.03"]

1. d4 Nf6 2. Bf4 d6 3. Nc3 Nbd7 4. Nf3 c5 5. dxc5 Nxc5 6. e3 g6 7. Bc4 Bg7 8.
O-O O-O 9. h3 Be6 10. Bxe6 Nxe6 11. Bg3 Qb6 12. Rb1 Rac8 13. Nd4 Nc5 14. Qf3
Ncd7 15. Bh4 a6 16. Rfd1 Rfe8 17. Bxf6 Nxf6 18. Ne4 Nd7 19. c3 Ne5 20. Qe2 d5
21. Nd2 e6 22. N4f3 Nc6 23. Nb3 Red8 24. h4 h6 25. h5 g5 26. Nh2 Ne5 27. Ng4 Nc4
28. Qf3 f5 29. Nh2 g4 30. Qe2 Qc6 31. Nf1 Qe8 32. Ng3 Be5 33. Nd4 Qf7 34. f4 Bf6
35. Qd3 Bh4 36. Nde2 Be7 37. Nd4 Bc5 38. b3 Nd6 39. Rbc1 Rd7 40. Rc2 Rdc7 41.
Rdc1 Re8 42. c4 dxc4 43. bxc4 Rd8 44. Qc3 Rdc8 45. Rd1 Bxd4 46. Rxd4 Nb5 47. Qd3
Nxd4 48. exd4 Qf6 49. Re2 Rxc4 50. d5 Rc3 51. Qd2 Rxg3 52. Rxe6 Qc3 53. Rg6+ Kf7
54. Qe2 Qe3+ 55. Qxe3 Rxe3 56. Rxh6 g3 57. Rh7+ Kg8 0-1

[Event "Titled Tue 3rd Jan Late"]
[Site "chess.com INT"]
[Date "2025.06.03"]
[Round "3"]
[White "Arya G Mallar"]
[Black "Rosenberg, Evan S"]
[Result "0-1"]
[WhiteTitle "WCM"]
[WhiteElo "2014"]
[BlackElo "1989"]
[WhiteFideId "25115324"]
[BlackFideId "2019299"]
[EventDate "2025.06.03"]

1. c4 c6 2. d4 d5 3. Nf3 Nf6 4. Nc3 dxc4 5. a4 Bf5 6. Ne5 Nbd7 7. Nxc4 Qc7 8. g3
e5 9. dxe5 Nxe5 10. Bf4 Nfd7 11. Qd4 f6 12. Bg2 Bc5 13. Qd1 O-O-O 14. Qb3 g5 15.
Bd2 Rhe8 16. O-O Nb6 17. Nxb6+ Qxb6 18. Qxb6 Bxb6 19. Be3 Nc4 20. Bxb6 axb6 21.
b3 Nd2 22. Rfd1 Bc2 23. Re1 Nxb3 24. Ra2 Bf5 25. Rb2 Nd4 26. Rxb6 Kc7 27. Rb2
Rb8 28. e4 Be6 29. Reb1 Bc8 30. h3 Ne6 31. Kh2 Nc5 32. Rb4 Nd3 33. Rd4 Nxf2 34.
Rf1 Ng4+ 35. hxg4 Bxg4 36. Rxf6 Rbd8 37. Rf7+ Kb6 38. Rxd8 Rxd8 39. Rxh7 Rd2 40.
Kh1 Be6 0-1

[Event "Titled Tue 3rd Jan Late"]
[Site "chess.com INT"]
[Date "2025.06.03"]
[Round "3"]
[White "Kislinsky, Alexey"]
[Black "Mahdavi, Reza"]
[Result "1-0"]
[WhiteTitle "GM"]
[BlackTitle "IM"]
[WhiteElo "2350"]
[BlackElo "2445"]
[WhiteFideId "14108801"]
[BlackFideId "12595926"]
[EventDate "2025.06.03"]

1. d4 Nf6 2. c4 g6 3. Nc3 Bg7 4. e4 d6 5. Be2 O-O 6. Nf3 e5 7. O-O Nbd7 8. Qc2
Qe7 9. Rd1 c6 10. Bg5 h6 11. Be3 Ng4 12. Bc1 exd4 13. Nxd4 Qh4 14. Bxg4 Qxg4 15.
f3 Qh4 16. Be3 Re8 17. Bf2 Qe7 18. b3 Nf6 19. Rd2 Nh5 20. Nde2 Be5 21. Rad1 Be6
22. g3 g5 23. Kg2 a6 24. Nd4 Qf6 25. Nxe6 fxe6 26. Ne2 Rf8 27. Qd3 c5 28. Rf1
Rf7 29. Be1 Raf8 30. Rd1 Qg6 31. Bc3 Nf6 32. Bxe5 dxe5 33. h3 h5 34. g4 hxg4 35.
hxg4 b5 36. Ng3 bxc4 37. Qxc4 Ne8 38. Rd8 Ng7 39. Rxf8+ Rxf8 40. Qxc5 Qf7 41.
Qxe5 Qg6 42. Rd1 Qf7 43. Rd3 Qg6 44. Rd7 Rf7 45. Rxf7 Kxf7 46. Qc7+ Kg8 47. Qe7
a5 48. a3 Kh7 49. Nh5 Kh6 50. Qxg7+ Qxg7 51. Nxg7 Kxg7 52. b4 Kf6 1-0

[Event "Titled Tue 3rd Jan Late"]
[Site "chess.com INT"]
[Date "2025.06.03"]
[Round "3"]
[White "Madaminov, Mukhiddin"]
[Black "Ghoreishi Amiri, Seyed Kian"]
[Result "1-0"]
[WhiteTitle "GM"]
[BlackTitle "CM"]
[WhiteElo "2520"]
[BlackElo "2215"]
[WhiteFideId "14210703"]
[BlackFideId "36757527"]
[EventDate "2025.06.03"]

1. e4 c6 2. Nf3 d5 3. d3 Qc7 4. Nc3 e6 5. g3 Nf6 6. Bg2 Be7 7. O-O O-O 8. Re1
Nbd7 9. e5 Ne8 10. h4 b5 11. h5 b4 12. Nb1 h6 13. Bf4 Kh8 14. Nbd2 Rg8 15. Nf1
Bf8 16. g4 f6 17. Qd2 Qd8 18. Ng3 fxe5 19. Nxe5 Nxe5 20. Bxe5 Nf6 21. g5 hxg5
22. Qxg5 Bd6 23. h6 Bxe5 24. Rxe5 gxh6 25. Qxh6+ Nh7 26. Rh5 Qe7 27. Re1 Qg7 28.
Qd2 Bd7 29. d4 Raf8 30. Ree5 Rf6 31. Bf1 Be8 32. Bd3 Bxh5 33. Rxh5 Rg6 34. Qe3
Rxg3+ 35. fxg3 Qxg3+ 36. Qxg3 Rxg3+ 37. Kf2 Rg7 38. Rh6 Rf7+ 39. Ke3 Re7 40. Kf4
Kg8 41. Rxh7 e5+ 42. dxe5 Rxh7 43. Bxh7+ Kxh7 44. Kf5 c5 45. Ke6 d4 46. Kd5 a5
47. Kxc5 b3 48. axb3 1-0

[Event "Titled Tue 3rd Jan Late"]
[Site "chess.com INT"]
[Date "2025.06.03"]
[Round "3"]
[White "Moosavifar, Seyed Abolfazl"]
[Black "Garcia Gracia, Victor Hugo"]
[Result "0-1"]
[WhiteTitle "FM"]
[BlackTitle "CM"]
[WhiteElo "2303"]
[BlackElo "2206"]
[WhiteFideId "42548195"]
[BlackFideId "22295755"]
[EventDate "2025.06.03"]

1. e4 e6 2. d4 d5 3. Nc3 Nf6 4. e5 Nfd7 5. f4 c5 6. Nf3 Nc6 7. Be3 a6 8. Qd2 b5
9. Nd1 Qb6 10. c3 Bb7 11. Bd3 cxd4 12. cxd4 Rc8 13. O-O g6 14. g4 Be7 15. f5 Na5
16. b3 Nc6 17. fxe6 fxe6 18. Qg2 O-O 19. a3 Rf7 20. Ra2 Rcf8 21. Raf2 b4 22. a4
a5 23. Bh6 Rxf3 24. Rxf3 Rxf3 25. Rxf3 Ndxe5 26. Rf2 Nxd3 27. Rd2 Qxd4+ 28. Ne3
Nce5 29. h3 Bc5 30. Kh2 Nf7 31. Qe2 Nxh6 32. Rxd3 Qf4+ 33. Kg1 e5 34. Kg2 d4+
35. Kg1 dxe3 36. Rd8+ Kg7 37. Rd7+ Nf7 38. Rxb7 Qf2+ 39. Qxf2 exf2+ 40. Kf1 Bd4
41. Rb5 Ng5 42. Rxa5 Ne4 43. Rxe5 Bxe5 44. Ke2 Bd4 0-1

[Event "Titled Tue 3rd Jan Late"]
[Site "chess.com INT"]
[Date "2025.06.03"]
[Round "3"]
[White "Bukreev, Stanislav"]
[Black "Garzon Zapatanga, Christopher Leonel"]
[Result "1-0"]
[WhiteTitle "FM"]
[BlackTitle "FM"]
[WhiteElo "2328"]
[BlackElo "2168"]
[WhiteFideId "34252347"]
[BlackFideId "3634787"]
[EventDate "2025.06.03"]

1. d4 Nf6 2. c4 c5 3. d5 b5 4. cxb5 a6 5. bxa6 d6 6. Nc3 g6 7. e4 Bg7 8. Nf3 Qa5
9. Bd2 Bxa6 10. Be2 O-O 11. O-O Nbd7 12. Bxa6 Qxa6 13. Qc2 Rfb8 14. h3 Ne8 15.
Rfb1 Nc7 16. a4 Qb7 17. Ra3 Na6 18. Nb5 Nb4 19. Bxb4 cxb4 20. Ra2 Qb6 21. b3 Rc8
22. Qe2 Rc5 23. Rc2 Rac8 24. Rbc1 e6 25. dxe6 fxe6 26. Rxc5 Rxc5 27. Rxc5 Qxc5
28. g3 Nb8 29. Qd3 Bf8 30. Nfd4 Qc8 31. Kg2 Nc6 32. Qc4 Ne7 33. Qxc8 Nxc8 34.
Nxe6 Be7 35. Nec7 Kf7 36. Nd5 Bd8 37. f4 Ke6 38. Kf3 Nb6 39. Nxb6 Bxb6 40. g4 d5
41. e5 g5 42. a5 Bxa5 43. Nd4+ Ke7 44. Nc6+ Kd7 45. Nxa5 gxf4 46. Kxf4 Ke6 47.
Nc6 d4 48. Nxd4+ Kd5 49. e6 Kxd4 50. e7 Kc3 51. e8=Q Kxb3 52. Qb5 Ka3 53. Kg5 b3
54. Kh6 b2 55. Qxb2+ Kxb2 56. Kxh7 Kc3 57. g5 Kd3 58. g6 Ke3 59. g7 Kf3 60. g8=Q
Kf2 61. h4 Kf3 62. h5 Kf2 63. h6 Kf1 64. Kg6 Ke1 65. Qa2 Kd1 66. h7 Kc1 67. h8=Q
Kd1 68. Qh1# 1-0

[Event "Titled Tue 3rd Jan Late"]
[Site "chess.com INT"]
[Date "2025.06.03"]
[Round "3"]
[White "Khodabandeh, Milad"]
[Black "Sethuraman, Roshan"]
[Result "1-0"]
[WhiteTitle "CM"]
[WhiteElo "1957"]
[BlackElo "2074"]
[WhiteFideId "12538620"]
[BlackFideId "30965250"]
[EventDate "2025.06.03"]

1. e4 c5 2. Nf3 d6 3. d4 cxd4 4. Nxd4 Nf6 5. Nc3 a6 6. h3 e5 7. Nde2 h5 8. Bg5
Be6 9. Ng3 Be7 10. Bxf6 Bxf6 11. Nxh5 Bh4 12. Nxg7+ Kd7 13. Nf5 Bxf5 14. exf5
Qf6 15. g4 Nc6 16. Bg2 Nd4 17. Nd5 Qd8 18. c3 Nc6 19. Qb3 Rb8 20. Rd1 Ke8 21.
O-O Kf8 22. f4 exf4 23. Nxf4 Ne5 24. Rd4 Bg5 25. Qd5 Rh6 26. b3 Qb6 27. Rf2 Nc6
28. Re4 Bh4 29. Qd2 Bxf2+ 30. Qxf2 Qxf2+ 31. Kxf2 Ne5 32. Kg3 Rc8 33. g5 Rxc3+
34. Kf2 Rh8 35. Ne2 Rcxh3 36. Bxh3 Rxh3 37. Rd4 Rf3+ 38. Ke1 Rxf5 39. Rxd6 Rxg5
40. Rb6 Nd3+ 41. Kd2 Nc5 42. b4 Rd5+ 43. Ke3 Re5+ 44. Kf3 Nd3 45. Rxb7 Re6 46.
a4 Kg7 47. b5 Nc5 48. Ra7 axb5 49. axb5 Rb6 50. Nc3 Ne6 51. Ke4 Kf6 52. Nd5+ Kg5
53. Nxb6 f5+ 54. Ke5 Nf4 55. Rg7+ Ng6+ 56. Rxg6+ Kxg6 57. Nd5 Kg5 58. b6 f4 59.
Nxf4 Kg4 60. b7 1-0

[Event "Titled Tue 3rd Jan Late"]
[Site "chess.com INT"]
[Date "2025.06.03"]
[Round "3"]
[White "Swara Lakshmi S Nair"]
[Black "Montano Vicente, Guadalupe"]
[Result "1-0"]
[WhiteTitle "WCM"]
[WhiteElo "2178"]
[BlackElo "1940"]
[WhiteFideId "25629239"]
[BlackFideId "5181399"]
[EventDate "2025.06.03"]

1. e4 c5 2. Nf3 d6 3. d4 cxd4 4. Nxd4 Nf6 5. Nc3 a6 6. h3 e6 7. g4 Nfd7 8. Bg2
Be7 9. Be3 Qc7 10. Qe2 Nc6 11. O-O-O Rb8 12. f4 Na5 13. f5 Ne5 14. fxe6 fxe6 15.
Rhf1 b5 16. Nf3 Nac4 17. Nxe5 Nxe5 18. Bd4 b4 19. Nb1 Bb7 20. Nd2 Rc8 21. Nb3
Rf8 22. Rxf8+ Bxf8 23. g5 Be7 24. Kb1 Kf8 25. Rd2 Bxg5 26. Qf1+ Bf6 27. Bxe5
dxe5 28. Qd1 Ke7 29. Qe2 Rd8 30. Rxd8 Kxd8 31. Bf3 Ke7 32. Bg4 Bc8 33. Nc1 a5
34. Nd3 Bd7 35. b3 Bb5 36. Qd2 Qd6 37. Be2 Bc6 38. Qe3 h6 39. Qa7+ Qd7 40. Qxa5
Kf7 41. Qxb4 Bb5 42. a4 Bxd3 43. Bxd3 g5 44. a5 h5 45. a6 g4 46. hxg4 hxg4 47.
Qb7 1-0

[Event "Titled Tue 3rd Jan Late"]
[Site "chess.com INT"]
[Date "2025.06.03"]
[Round "3"]
[White "Garcia Almaguer, Juan Manuel"]
[Black "Gelman, Alexander"]
[Result "0-1"]
[WhiteTitle "CM"]
[BlackTitle "IM"]
[WhiteElo "2142"]
[BlackElo "2403"]
[WhiteFideId "5110491"]
[BlackFideId "4118316"]
[EventDate "2025.06.03"]

1. d4 Nf6 2. c4 c5 3. d5 b5 4. cxb5 a6 5. bxa6 e6 6. Nc3 exd5 7. Nxd5 Nxa6 8. a3
Bb7 9. e4 Nxd5 10. exd5 Nc7 11. Bc4 Qe7+ 12. Ne2 Qe4 13. Qb3 Bxd5 14. Bxd5 Nxd5
15. O-O Be7 16. Ng3 Qe5 17. Rd1 Nf6 18. f4 Qc7 19. Nf5 g6 20. Nxe7 Kxe7 21. Qc3
Ne4 22. Re1 d5 23. f5 gxf5 24. Qf3 Qd7 25. Bg5+ f6 26. Bh4 Qe6 27. Re2 h5 28.
Rf1 Rag8 29. Qxf5 Rh6 30. Rxe4 dxe4 31. Qxc5+ Kf7 32. Rf2 Rhg6 33. Rd2 Kg7 34.
Qc7+ Kh8 35. Qf4 Qg4 36. Bxf6+ Kh7 37. Qc7+ Kh6 38. Be5 Rf8 39. h3 Qg5 40. Re2
e3 41. Kh2 h4 42. b4 Qf5 43. Rxe3 Rxg2+ 44. Kxg2 Qf1+ 45. Kh2 Rf2# 0-1

[Event "Titled Tue 3rd Jan Late"]
[Site "chess.com INT"]
[Date "2025.06.03"]
[Round "3"]
[White "Kleiman, Jake"]
[Black "Lacasa Diaz, Josep Anton"]
[Result "1/2-1/2"]
[WhiteTitle "IM"]
[BlackTitle "IM"]
[WhiteElo "2399"]
[BlackElo "2304"]
[WhiteFideId "2020041"]
[BlackFideId "2203375"]
[EventDate "2025.06.03"]

1. e4 e5 2. Nf3 Nc6 3. Bc4 Nf6 4. d3 Be7 5. O-O O-O 6. Re1 d6 7. a4 Be6 8. a5 a6
9. Nc3 Kh8 10. h3 Nd4 11. Nxd4 exd4 12. Bxe6 fxe6 13. Ne2 e5 14. f4 Nd7 15. Rf1
c5 16. Bd2 Nb8 17. Ng3 exf4 18. Bxf4 Nc6 19. Nf5 g6 20. Nxe7 Qxe7 21. Qd2 Ne5
22. Bh6 Rf7 23. b3 Rc8 24. Rxf7 Nxf7 25. Rf1 Kg8 26. Qf4 Nxh6 27. Qxh6 Rf8 28.
Rxf8+ Qxf8 29. Qh4 Kg7 30. Qg4 Qf7 31. g3 h6 32. Kg2 Qc7 33. Qe6 Qxa5 34. Qe7+
Kg8 35. Qe6+ Kg7 36. Qd7+ Kg8 37. Qc8+ Kg7 38. Qxb7+ Kg8 39. Qc8+ Kg7 40. Qd7+
Kg8 41. Qe8+ Kg7 42. Qe7+ Kg8 43. h4 Qd2+ 44. Kh3 Qxc2 45. Qe6+ Kg7 46. Qxd6
Qxd3 47. Qe7+ Kg8 48. Qe6+ Kg7 49. Qe5+ Kg8 50. Qe6+ Kg7 51. Qe7+ Kg8 52. Qd8+
Kg7 53. Qd7+ Kg8 54. Qd6 Qf1+ 55. Kh2 Qf2+ 56. Kh1 Qf1+ 57. Kh2 Qf2+ 58. Kh1
Qf1+ 59. Kh2 1/2-1/2

[Event "Titled Tue 3rd Jan Late"]
[Site "chess.com INT"]
[Date "2025.06.03"]
[Round "3"]
[White "Ozkan, Taha"]
[Black "Chelly, Yahya"]
[Result "1-0"]
[WhiteTitle "FM"]
[BlackTitle "CM"]
[WhiteElo "2247"]
[BlackElo "2039"]
[WhiteFideId "34577173"]
[BlackFideId "5516200"]
[EventDate "2025.06.03"]

1. d4 d5 2. c4 e6 3. Nc3 Nf6 4. cxd5 exd5 5. Bg5 Be7 6. e3 O-O 7. Bd3 c6 8. Nf3
Na6 9. Bxa6 bxa6 10. O-O Bg4 11. h3 Bh5 12. Rc1 Qb6 13. b3 h6 14. Na4 Qb5 15.
Bf4 Ne4 16. g4 Bg6 17. Ne5 Rac8 18. f3 Nf6 19. Nc5 Rfd8 20. Qd2 a5 21. Rc3 Bh7
22. Rfc1 Ne8 23. Qf2 f6 24. Ned3 Nc7 25. Bxc7 Rxc7 26. Ne6 Rcc8 27. Nxd8 Bxd3
28. Nxc6 Bb4 29. Ne7+ Bxe7 30. Rxc8+ Kh7 31. R8c7 Ba3 32. Rd1 Bg6 33. Qd2 Bb4
34. Qc1 a4 35. Rxa7 a3 36. Qc7 Bf8 37. Re1 Qb4 38. Kf1 Bd3+ 39. Kf2 Qd2+ 40. Kg3
Qxe1+ 41. Kf4 Qh4 42. Qf7 Qg5+ 43. Kg3 h5 44. Qxf8 h4+ 45. Kg2 Bg6 46. Qe7 Qh6
47. f4 f5 48. g5 Qh5 49. Kf2 Bf7 50. Qxf7 Qd1 51. Qxg7# 1-0

[Event "Titled Tue 3rd Jan Late"]
[Site "chess.com INT"]
[Date "2025.06.03"]
[Round "3"]
[White "Escareno Rojas, Angel Salvador"]
[Black "Pereyra, Horacio"]
[Result "0-1"]
[WhiteElo "1965"]
[BlackElo "2133"]
[WhiteFideId "5107733"]
[BlackFideId "113700"]
[EventDate "2025.06.03"]

1. d4 Nf6 2. c4 e6 3. Nf3 b6 4. Nc3 Bb7 5. e3 Bb4 6. Qc2 Ne4 7. a3 Bxc3+ 8. bxc3
f5 9. Bd3 O-O 10. O-O d6 11. Nd2 Nxd2 12. Bxd2 Nd7 13. f3 Nf6 14. e4 fxe4 15.
fxe4 e5 16. Bg5 h6 17. Bh4 g5 18. Bg3 Nh5 19. Rxf8+ Qxf8 20. Rf1 Qg7 21. Bf2 Rf8
22. g3 Nf6 23. dxe5 dxe5 24. c5 Qd7 25. cxb6 axb6 26. Be3 Ng4 27. Rxf8+ Kxf8 28.
Bc1 Qd6 29. h3 Qc5+ 30. Kh1 Nf2+ 31. Kg2 Nxd3 32. Qxd3 Ke7 33. Kf3 Qc6 34. h4
Qf6+ 35. Kg4 Bc8+ 36. Kh5 gxh4 37. gxh4 Be6 38. Bxh6 Bf7+ 39. Kg4 Qxh6 40. Qb5
Be6+ 41. Kg3 Qf6 42. h5 Qf4+ 43. Kg2 Qxe4+ 44. Kf2 Qh4+ 45. Ke3 Qxh5 46. Qb4+
Kf7 47. Qe4 Qg5+ 48. Ke2 Qf5 0-1

[Event "Titled Tue 3rd Jan Late"]
[Site "chess.com INT"]
[Date "2025.06.03"]
[Round "3"]
[White "Ozates, Tuna"]
[Black "Grigorjev, Iljya"]
[Result "0-1"]
[WhiteTitle "FM"]
[BlackTitle "IM"]
[WhiteElo "2217"]
[BlackElo "2433"]
[WhiteFideId "6354521"]
[BlackFideId "24159565"]
[EventDate "2025.06.03"]

1. e4 e5 2. Nf3 Nc6 3. Bb5 a6 4. Ba4 f5 5. Nc3 fxe4 6. Nxe4 d5 7. Ng3 b5 8. Bb3
e4 9. Ng1 Nf6 10. d3 exd3 11. Qxd3 Na5 12. Bg5 Nxb3 13. axb3 Be7 14. Nf3 O-O 15.
O-O h6 16. Bd2 c5 17. Rfe1 Bd6 18. Nf5 Bxf5 19. Qxf5 Qd7 20. Qxd7 Nxd7 21. Re6
Rf6 22. Rae1 Kf7 23. Rxf6+ Nxf6 24. Ne5+ Bxe5 25. Rxe5 Re8 26. Rxe8 Nxe8 27. f3
Ke6 28. b4 cxb4 29. Bxb4 d4 30. Kf2 Kd5 31. Bf8 h5 32. Ke2 g6 33. Kd3 Nc7 34. g3
Ne6 35. Be7 a5 36. Kd2 a4 37. Bb4 Kc4 38. Bd6 b4 39. h4 Ng7 40. g4 Ne6 41. Be7
Nf4 42. Bd6 Nd5 43. gxh5 gxh5 44. f4 Ne3 45. Be5 Nf5 46. Bf6 a3 47. bxa3 bxa3
48. Kc1 Kc3 49. Be7 a2 0-1

[Event "Titled Tue 3rd Jan Late"]
[Site "chess.com INT"]
[Date "2025.06.03"]
[Round "3"]
[White "Buchenau, Frank"]
[Black "Przybylski, Bartosz"]
[Result "0-1"]
[WhiteTitle "FM"]
[BlackTitle "CM"]
[WhiteElo "2190"]
[BlackElo "2107"]
[WhiteFideId "4604350"]
[BlackFideId "21878323"]
[EventDate "2025.06.03"]

1. e4 c5 2. g3 d5 3. exd5 Qxd5 4. Nf3 Bg4 5. Bg2 Qe6+ 6. Kf1 Nc6 7. h3 Bh5 8. d3
O-O-O 9. Na3 Nf6 10. Be3 Nd7 11. Ng5 Bxd1 12. Nxe6 Bxc2 13. Nxd8 Bxd3+ 14. Kg1
Nxd8 15. Rd1 Ba6 16. Kh2 e5 17. f4 Be7 18. fxe5 Nxe5 19. Rd5 Nd3 20. b3 Nc6 21.
Nc4 Bxc4 22. bxc4 Ndb4 23. Rd2 Rd8 24. Bd5 Nxd5 25. cxd5 Nb4 26. Rhd1 Bd6 27. a3
Na6 28. Bf4 b6 29. Bxd6 Rxd6 30. Kg2 Nc7 31. Kf3 Kd7 32. Ke4 g6 33. g4 Nb5 34.
Ke5 f6+ 35. Kf4 Nc3 36. Rc1 Nxd5+ 37. Kf3 Ne7 38. Rxd6+ Kxd6 39. h4 Nc6 40. Re1
Nd4+ 41. Kf4 g5+ 42. hxg5 fxg5+ 43. Kg3 c4 44. Rh1 c3 45. Rxh7 c2 46. Rh1 c1=Q
47. Rxc1 Ne2+ 48. Kf3 Nxc1 49. Ke4 Nb3 50. Kf5 a5 51. Kxg5 Nd4 52. Kf6 Ne6 0-1

[Event "Titled Tue 3rd Jan Late"]
[Site "chess.com INT"]
[Date "2025.06.03"]
[Round "3"]
[White "Arkell, Keith C"]
[Black "Baltabaev, Temirlan"]
[Result "0-1"]
[WhiteTitle "GM"]
[BlackTitle "FM"]
[WhiteElo "2342"]
[BlackElo "2295"]
[WhiteFideId "400270"]
[BlackFideId "4112172"]
[EventDate "2025.06.03"]

1. d4 d5 2. Nf3 c6 3. c4 Nf6 4. Nc3 g6 5. cxd5 cxd5 6. Bf4 Bg7 7. e3 O-O 8. h3
Nc6 9. Be2 Qb6 10. Qb3 Qxb3 11. axb3 Bf5 12. O-O Rfc8 13. Rfc1 h6 14. g4 Bd7 15.
Ne5 Be8 16. Kg2 g5 17. Bg3 e6 18. Na4 Ne4 19. Bh2 Nxe5 20. Bxe5 Bxe5 21. dxe5
Nd2 22. Bd1 Bc6 23. f3 Bb5 24. Kf2 Bxa4 25. Rxc8+ Rxc8 26. Rxa4 Rc1 27. Ke2 Nxf3
28. Rxa7 Nxe5 29. Rxb7 Rb1 30. Kd2 Rxb2+ 31. Kc3 Rh2 32. b4 Rxh3 33. Kd4 Nc4 34.
e4 Nd6 35. Rb8+ Kg7 36. exd5 exd5 37. Be2 Ne4 38. b5 Nc3 39. Bd3 Na4 40. b6 Nxb6
41. Rxb6 Rf3 42. Bf5 h5 43. Kxd5 Rf4 44. Ke5 hxg4 45. Rb1 g3 46. Rg1 f6+ 47. Ke6
Rf3 48. Be4 Rf4 49. Bf5 Rf3 50. Be4 Re3 51. Kf5 Rc3 52. Kg4 Rc4 53. Kf3 Rc3+ 54.
Kg2 Re3 55. Bf5 Re5 56. Bb1 Re3 57. Bf5 Kf7 58. Kh3 Re5 59. Bb1 Rb5 60. Bd3 Rb4
61. Rxg3 Ke6 62. Rf3 g4+ 0-1

[Event "Titled Tue 3rd Jan Late"]
[Site "chess.com INT"]
[Date "2025.06.03"]
[Round "3"]
[White "Wuebker, Paul-Luca"]
[Black "Petrenko, Maryna"]
[Result "1/2-1/2"]
[WhiteTitle "CM"]
[BlackTitle "WFM"]
[WhiteElo "2244"]
[BlackElo "2116"]
[WhiteFideId "12939528"]
[BlackFideId "14197820"]
[EventDate "2025.06.03"]

1. Nf3 d5 2. b3 Nf6 3. Bb2 e6 4. e3 Be7 5. Be2 O-O 6. O-O c5 7. c4 Nc6 8. cxd5
exd5 9. d4 Bf5 10. Nbd2 Ne4 11. Rc1 cxd4 12. Nxd4 Nxd4 13. Bxd4 Ba3 14. Nxe4
Bxe4 15. Rc3 Bb4 16. f3 Bxc3 17. Bxc3 Bf5 18. g4 Be6 19. Qd4 f6 20. g5 Qb6 21.
Qf4 Rac8 22. Bd4 Qc7 23. Qh4 fxg5 24. Qxg5 Rf5 25. Qh4 Qf7 26. Bd3 Rh5 27. Qg3
Qc7 28. f4 Bf5 29. Be2 Rh6 30. Kf2 Rg6 31. Qh4 Be4 32. Rg1 Qd6 33. Rg3 Rc2 34.
Kf1 Rc1+ 35. Kf2 Rxg3 36. Qxg3 Qg6 37. Qxg6 hxg6 38. Bxa7 Ra1 39. a4 Rb1 40. a5
Rxb3 41. Bb6 Rb2 42. Kf1 Rb1+ 43. Kf2 Rh1 44. Kg3 Rg1+ 45. Kh3 Bg2+ 46. Kh4 Be4
47. Bg4 Bf5 48. Bf3 Be4 49. Bg4 Rg2 50. Kh3 Ra2 51. Kg3 Rg2+ 52. Kh3 Rg1 53. Kh4 1/2-1/2

[Event "Titled Tue 3rd Jan Late"]
[Site "chess.com INT"]
[Date "2025.06.03"]
[Round "3"]
[White "Orshonova, Elena"]
[Black "Akhayan, Ruben"]
[Result "1-0"]
[WhiteTitle "WFM"]
[BlackTitle "FM"]
[WhiteElo "1948"]
[BlackElo "2265"]
[WhiteFideId "24174750"]
[BlackFideId "204439"]
[EventDate "2025.06.03"]

1. e4 e5 2. Nf3 Nc6 3. Bb5 a6 4. Ba4 Nf6 5. O-O Be7 6. d3 b5 7. Bb3 O-O 8. Re1
Bb7 9. c3 d5 10. Nbd2 dxe4 11. dxe4 Nd7 12. Nf1 Na5 13. Bc2 f6 14. a4 Kh8 15.
Qe2 Nc4 16. Ne3 Nxe3 17. Bxe3 b4 18. Nh4 a5 19. Qh5 Qe8 20. Qg4 Rf7 21. Rad1 Nf8
22. Bb3 f5 23. Nxf5 Bf6 24. Bxf7 Qxf7 25. Ng3 Re8 26. h4 Bc6 27. h5 Bxa4 28. Ra1
Bd7 29. Qf3 bxc3 30. bxc3 a4 31. Red1 Bc6 32. h6 Kg8 33. hxg7 Bxg7 34. Nf5 Ng6
35. Bh6 Bh8 36. Bg5 Bg7 37. Rd8 Rxd8 38. Bxd8 Qd7 39. Nxg7 Qxg7 40. Bf6 Qf7 41.
Rd1 Bd7 42. c4 Nf8 43. c5 Qb3 44. Qxb3+ axb3 45. Bxe5 c6 46. Rb1 Be6 47. Bd6 Nd7
48. f4 Nf6 49. f5 Bc4 50. e5 Ne4 51. e6 Nc3 52. Rb2 Nd1 53. Rd2 Ne3 54. Be5 Nxf5
55. Bb2 Bxe6 56. Rf2 Kf7 57. g4 Kg6 58. gxf5+ Bxf5 59. Rf3 Be4 60. Rxb3 Kf5 61.
Rh3 1-0

[Event "Titled Tue 3rd Jan Late"]
[Site "chess.com INT"]
[Date "2025.06.03"]
[Round "3"]
[White "Makaraci, Tunahan"]
[Black "Serban, Cristian-Stefan"]
[Result "0-1"]
[WhiteTitle "FM"]
[BlackTitle "FM"]
[WhiteElo "2233"]
[BlackElo "2332"]
[WhiteFideId "6356559"]
[BlackFideId "1241443"]
[EventDate "2025.06.03"]

1. e4 g6 2. d4 Bg7 3. Nc3 d6 4. g3 Nf6 5. Bg2 O-O 6. Nge2 Nbd7 7. h3 e5 8. Be3
Re8 9. O-O exd4 10. Bxd4 c6 11. a4 Nf8 12. g4 Ne6 13. Be3 Qc7 14. f4 b6 15. Ng3
Nc5 16. g5 Nfd7 17. Bd4 Bxd4+ 18. Qxd4 Ba6 19. Rf2 Rad8 20. h4 Ne6 21. Qd2 Ndf8
22. f5 Nc5 23. fxg6 hxg6 24. b4 Nce6 25. b5 Bb7 26. Raf1 Rd7 27. Bh3 d5 28. Kh2
dxe4 29. Qe3 c5 30. Kg1 Qe5 31. Ncxe4 Bxe4 32. Nxe4 Nxg5 33. Nf6+ Qxf6 34. Qxg5
Qxg5+ 35. hxg5 Rde7 36. Rf6 Nd7 37. Rd6 Ne5 38. Kg2 Kg7 39. Re1 Nc4 40. Rxe7
Rxe7 41. Rd8 Ne3+ 42. Kg3 Nxc2 43. Rb8 Nd4 44. Bc8 c4 45. Bb7 c3 46. Bg2 c2 47.
Rc8 Re1 0-1

[Event "Titled Tue 3rd Jan Late"]
[Site "chess.com INT"]
[Date "2025.06.03"]
[Round "3"]
[White "Rajaram, Rohan"]
[Black "Gyurjinyan, Valter"]
[Result "1-0"]
[WhiteTitle "CM"]
[BlackTitle "CM"]
[WhiteElo "2164"]
[BlackElo "2208"]
[WhiteFideId "30940729"]
[BlackFideId "13318179"]
[EventDate "2025.06.03"]

1. e4 c5 2. Nf3 d6 3. d4 cxd4 4. Nxd4 Nf6 5. Nc3 g6 6. f3 Nc6 7. Be3 h5 8. Qd2
Nxd4 9. Bxd4 Bh6 10. Be3 Bxe3 11. Qxe3 Be6 12. Bb5+ Kf8 13. O-O a6 14. Bd3 Qa5
15. a3 Rc8 16. h3 Kg7 17. f4 Qc5 18. Rae1 Qxe3+ 19. Rxe3 Rc5 20. f5 Bc4 21. Bxc4
Rxc4 22. fxg6 fxg6 23. e5 dxe5 24. Rxe5 Re8 25. Re6 Kf7 26. Rb6 Rb8 27. Kh2 Rc6
28. Rxc6 bxc6 29. b4 a5 30. Rf4 axb4 31. axb4 Rd8 32. Rc4 Rd2 33. Rxc6 Rxc2 34.
b5 Ke8 35. b6 Rb2 36. Na4 Rb4 37. Nc5 Nd5 38. b7 Kf7 39. Rc8 Rxb7 40. Nxb7 Nf6
41. Nc5 e5 42. Rc7+ Ke8 43. Ne6 Nd5 44. Rg7 h4 45. Nc7+ Kf8 46. Rd7 Nf6 47. Ne6+
Ke8 48. Ra7 e4 49. Ra5 Ke7 50. Ng5 Kd6 51. Ra6+ Ke5 52. Nf7+ Kf5 53. Nh6+ Kg5
54. Ng4 Nd5 55. Ra5 Kf4 56. Rxd5 e3 57. Rd4+ Kg5 58. Nxe3 1-0